000 00439nam a2200169Ia 4500
005 20250508151242.0
008 008 250505s9999 xx 000 0 eng d
037 _aReference
040 _aFEDL
_beng
_cFEDL
041 _aeng
_2eng
084 _a370.193, ROB
_qFEDL
100 _aRobins F G
_9758698
245 0 _aEducational sociology
300 _axiv,529p
942 _cREF
_h370.193, ROB
999 _c1328640
_d1328640